Statistiques concernant Modèles de Koenigsegg

Cliquez ici pour prendre le quiz!

Statistiques générales

  • Ce quiz a été pris 44 fois
  • Le résultat moyen est 9 sur 20

Statistiques - réponses

Réponse% Correct
Gemera
81%
Agera RS
68%
CCX
68%
Regera
62%
Agera
57%
Agera R
57%
Jesko Absolut
57%
CC8S
51%
CCR
49%
One:1
49%
CC850
43%
Agera S
38%
CCGT
38%
CCXR
38%
Jesko Attack
35%
CCXR Trevita
27%
Agera FE
19%
CCXR Edition
16%
CCX Edition
14%
CCXR Special Edition
14%

Distribution des résultats

Percentile par nombre de réponses

% des personnes avec chaque résultat

Votre développement - résultats

Vous n’avez pas pris ce quiz